Представление документа в формате RUSMARC

Поле Инд. ПП Название Значение
Тип записи a
Библиографический уровень m
001 Контрольный номер e2a6d57ead3149c08550acbfee738748
005 Дата корректировки 20210726143758.9
100 a Данные общей обработки 20190205 ||| 0rusy0189 ca
101 0_ a Язык текста rus
102 a Страна публикации RU
200 1_ a Заглавие № 6
b Общее обозначение материала Текст
210 1_ d Дата издания 2019
300 a Общие примечания Режим доступа: Читальный зал
461 _0 1 2000
a История государства и права
v № 6
1 203
a Текст : непосредственный
1 001f518b0848c5a4824ac33f6c6892e73a1
801 _0 a Страна RU
b Организация РГУП
c Дата составления 20190205
g Правила каталогизации PSBO
801 _1 a Страна RU
b Организация РГУП
c Дата составления 20190205
g Правила каталогизации PSBO
901 t Тип документа s
w Контрольный № источника f518b0848c5a4824ac33f6c6892e73a1
905 a Дата ввода 20190205